000 00441nam a22001697a 4500
003 UA-OsUOA
001 5330
007 ta
008 20050721b un ||||| |||| 00| 0 ukr d
100 _aНичипорук
700 _aЛ. М.
942 _cBK
040 _aUA-OsUOA
_cUA-OsUOA
_dUA-OsUOA
245 _aМистецтво лакон. в пов. Е. Хемінгуея "Ст. і море".
_bBA Paper
955 _a2
650 7 _2UDC
999 _c291492
_d291492